New Names of Countries - Statistics

General Stats
  • This quiz has been taken 38 times
  • The average score is 17 of 24
Answer Stats
Old Name New Name % Correct
Persia Iran
97%
Siam Thailand
97%
Zaire Democratic Republic of Congo
92%
Abyssinia Ethiopia
92%
Moldavia Moldova
92%
Burma Myanmar
92%
East Pakistan Bangladesh
89%
Southern Rhodesia Zimbabwe
89%
Ceylon Sri Lanka
86%
Bohemia Czech Republic
83%
Swaziland eSwatini
83%
Mesopotamia Iraq
83%
Northern Rhodesia Zambia
83%
South West Africa Namibia
78%
German East Africa Tanzania
78%
Kampuchea Cambodia
72%
Bechuanaland Botswana
50%
Upper Volta Burkina Faso
47%
Basutoland Lesotho
44%
Nyasaland Malawi
39%
Sudanese Republic Mali
39%
New Hebrides Vanuatu
33%
Ellice Islands Tuvalu
28%
Choson Korea
25%
No matching quizzes found
Score Distribution
Percent of People with Each Score
Percentile by Number Answered
Your Score History
You have not taken this quiz